[Event "GER-ch U25-C"]
[Site "Willingen"]
[Date "2019.06.15"]
[Round "9"]
[White "Hornstein, Leonhard Orell"]
[Black "Moldovan, Tudor Alin"]
[Result "1-0"]
[WhiteElo "1346"]
[BlackElo "1030"]
[PlyCount "133"]
[EventDate "2019.06.08"]
[EventType "swiss"]
[EventRounds "9"]
[EventCountry "GER"]
[SourceTitle "EXT 2020"]
[Source "ChessBase"]
[SourceDate "2019.10.17"]
[SourceVersion "1"]
[SourceVersionDate "2019.10.17"]
[SourceQuality "1"]

1. d4 Nf6 2. Nc3 d5 3. Bf4 c6 4. e3 g6 5. Bd3 Bg7 6. Qd2 Be6 7. Nf3 Nbd7 8. Ne5 Nxe5 9. Bxe5 Nh5 10. Bxg7 Nxg7 11. 0-0-0 a5 12. Na4 b5 13. Nc5 b4 14. Kb1 0-0 15. Qe2 a4 16. h4 a3 17. b3 Bd7 18. h5 Bf5 19. Bxf5 Nxf5 20. hxg6 hxg6 21. Qg4 Kg7 22. Rh2 Rh8 23. Rxh8 Qxh8 24. Qg5 Qh5 25. Qxh5 gxh5 26. Rh1 Kh6 27. Kc1 Rg8 28. g3 Nd6 29. Nd3 Rb8 30. g4 Ne4 31. Rxh5+ Kg7 32. Kb1 Nc3+ 33. Ka1 e6 34. Rh2 Rh8 35. Rxh8 Kxh8 36. Ne5 Kg7 37. Nxc6 Kg6 38. Nxb4 Kf6 39. Nd3 Ke7 40. Nc5 Kd6 41. Na4 Nxa4 42. bxa4 Kc6 43. c3 Kb6 44. Kb1 Ka5 45. Kc2 Kxa4 46. f3 f6 47. f4 Ka5 48. g5 e5 49. gxf6 exf4 50. f7 fxe3 51. f8Q e2 52. Qe7 e1Q 53. Qxe1 Kb5 54. Qb1+ Kc6 55. c4 dxc4 56. Qb4 Kd5 57. Qc5+ Ke4 58. Qxc4 Kf5 59. d5 Ke5 60. d6 Kxd6 61. Kd3 Kd7 62. Qc5 Kd8 63. Qa7 Kc8 64. Kd4 Kd8 65. Kd5 Kc8 66. Kc6 Kd8 67. Qd7# 1-0

[Event "GER-ch U25-C"]
[Site "Willingen"]
[Date "2019.06.12"]
[Round "6"]
[White "Moldovan, Tudor Alin"]
[Black "Bangiev, Anton"]
[Result "1/2-1/2"]
[WhiteElo "1030"]
[BlackElo "1342"]
[PlyCount "56"]
[EventDate "2019.06.08"]
[EventType "swiss"]
[EventRounds "9"]
[EventCountry "GER"]
[SourceTitle "CBM 191 Extra"]
[Source "ChessBase"]
[SourceDate "2019.09.30"]
[SourceVersion "1"]
[SourceVersionDate "2019.09.30"]
[SourceQuality "1"]

1. e4 d6 2. d4 g6 3. Nc3 Bg7 4. Be3 Nf6 5. Qd2 0-0 6. 0-0-0 Nbd7 7. f3 e5 8. d5 Nb6 9. h4 Bd7 10. Bh6 Qe7 11. g4 Rad8 12. h5 Nxg4 13. fxg4 Bxg4 14. Be2 Bxe2 15. Ngxe2 Nc4 16. Qg5 f6 17. Qh4 Bxh6+ 18. Kb1 g5 19. Qh3 Qd7 20. Qxd7 Rxd7 21. Nb5 a6 22. Nbc3 Kg7 23. b3 Nb6 24. Ng3 Kf7 25. Rdf1 Bg7 26. h6 Bh8 27. Nh5 Kg8 28. Ne2 Rdf7 1/2-1/2

[Event "GER-ch U25-C"]
[Site "Willingen"]
[Date "2019.06.11"]
[Round "4"]
[White "Moldovan, Tudor Alin"]
[Black "Frank, Cillian"]
[Result "1-0"]
[WhiteElo "1030"]
[BlackElo "1309"]
[PlyCount "35"]
[EventDate "2019.06.08"]
[EventType "swiss"]
[EventRounds "9"]
[EventCountry "GER"]
[SourceTitle "CBM 191 Extra"]
[Source "ChessBase"]
[SourceDate "2019.09.30"]
[SourceVersion "1"]
[SourceVersionDate "2019.09.30"]
[SourceQuality "1"]

1. e4 e5 2. Nf3 f5 3. Nxe5 Qf6 4. d4 d6 5. Nc4 fxe4 6. Nc3 Qg6 7. g3 Bg4 8. Be2 Bxe2 9. Qxe2 Nf6 10. Bf4 Nc6 11. 0-0-0 0-0-0 12. Qe3 Qf5 13. d5 Ne7 14. Qxa7 Nexd5 15. Nxd5 Nxd5 16. Qa5 Ne7 17. Qa8+ Kd7 18. Qxb7 1-0

[Event "ROM-ch U08"]
[Site "Calimanesti Caciulata"]
[Date "2016.04.22"]
[Round "6"]
[White "Moldovan, Tudor Alin"]
[Black "Damir, Alexandru"]
[Result "0-1"]
[WhiteElo "1021"]
[BlackElo "1129"]
[PlyCount "61"]
[EventDate "2016.04.18"]
[EventType "swiss"]
[EventRounds "9"]
[EventCountry "ROU"]
[SourceTitle "CBM 172 Extra"]
[Source "ChessBase"]
[SourceDate "2016.06.21"]
[SourceVersion "1"]
[SourceVersionDate "2016.06.21"]
[SourceQuality "1"]

1. e4 e5 2. Nf3 Nc6 3. Bc4 Bc5 4. Nc3 Nf6 5. d3 h6 6. Bd2 d6 7. h3 0-0 8. Qc1 Re8 9. Bxh6 gxh6 10. Qxh6 Re6 11. Bxe6 Bxe6 12. Ng5 Nd7 13. Qh7+ Kf8 14. Qh6+ Ke8 15. Qg7 Qe7 16. 0-0 Nf6 17. Nb5 Kd7 18. a3 Rg8 19. Qh6 Rg6 20. Qh4 Ng4 21. b4 Bd4 22. Rae1 Qxg5 23. Qxg5 Rxg5 24. h4 Rh5 25. g3 Nf6 26. Nxd4 Nxd4 27. Re2 Nxe2+ 28. Kg2 Bg4 29. f3 Be6 30. Re1 Nd4 31. a4 0-1

[Event "ROM-ch U08"]
[Site "Calimanesti Caciulata"]
[Date "2016.04.21"]
[Round "4"]
[White "Moldovan, Tudor Alin"]
[Black "Onica, Victor Dominic"]
[Result "1-0"]
[WhiteElo "1021"]
[BlackElo "1001"]
[PlyCount "117"]
[EventDate "2016.04.18"]
[EventType "swiss"]
[EventRounds "9"]
[EventCountry "ROU"]
[SourceTitle "CBM 172 Extra"]
[Source "ChessBase"]
[SourceDate "2016.06.21"]
[SourceVersion "1"]
[SourceVersionDate "2016.06.21"]
[SourceQuality "1"]

1. e4 e5 2. Nc3 Nf6 3. Nf3 Nc6 4. Bc4 Bc5 5. d3 h6 6. Bd2 d6 7. h3 Bd7 8. Qe2 0-0 9. 0-0-0 Qe7 10. Nh4 Nd4 11. Qe1 Nh5 12. Ng6 Qe8 13. Nxf8 Qxf8 14. f3 Qe7 15. g4 Nf4 16. Bxf4 exf4 17. Nd5 Qd8 18. Nxf4 Nxf3 19. Qg3 Be3+ 20. Kb1 Nd2+ 21. Ka1 Bxf4 22. Qxf4 Nxc4 23. dxc4 Be6 24. b3 Qd7 25. Rhf1 Rf8 26. g5 Bxh3 27. Rg1 h5 28. Qh4 g6 29. Rd3 Bg4 30. Rxg4 Qxg4 31. Qxg4 hxg4 32. Rg3 f5 33. exf5 Rxf5 34. Rxg4 Rf1+ 35. Kb2 Kf7 36. a4 Ke6 37. Re4+ Kf5 38. Re7 Kxg5 39. Rxc7 Kf4 40. Rxb7 g5 41. Rxa7 g4 42. a5 g3 43. Rg7 Re1 44. a6 Re8 45. b4 Kf3 46. b5 g2 47. b6 Kf2 48. b7 Re7 49. Rxe7 g1Q 50. a7 Qd1 51. b8Q Qd4+ 52. Kb3 Qh4 53. Qf8+ Kg3 54. a8Q Qh3 55. Re3+ Kg4 56. Rxh3 Kxh3 57. Qh1+ Kg4 58. Qg1+ Kh5 59. Qh8# 1-0

[Event "ROM-ch U08"]
[Site "Calimanesti Caciulata"]
[Date "2016.04.21"]
[Round "5"]
[White "Savin, Mihai"]
[Black "Moldovan, Tudor Alin"]
[Result "0-1"]
[WhiteElo "1061"]
[BlackElo "1021"]
[PlyCount "28"]
[EventDate "2016.04.18"]
[EventType "swiss"]
[EventRounds "9"]
[EventCountry "ROU"]
[SourceTitle "CBM 172 Extra"]
[Source "ChessBase"]
[SourceDate "2016.06.21"]
[SourceVersion "1"]
[SourceVersionDate "2016.06.21"]
[SourceQuality "1"]

1. e4 e5 2. Nf3 Nc6 3. Bc4 Nf6 4. Ng5 d5 5. exd5 Nxd5 6. Nxf7 Qd7 7. Nxh8 Bc5 8. Qf3 Nf6 9. 0-0 Qd4 10. Bf7+ Kf8 11. Re1 Bg4 12. Qg3 Ne4 13. Qxg4 Qxf2+ 14. Kh1 Qxe1# 0-1